[Event "Eesti klubide mv"]
[Site "Tallinn"]
[Date "2006.03.26"]
[Round "6"]
[White "Shevtshenko, Robert"]
[Black "Malinin, Juri"]
[Result "0-1"]
[WhiteElo "2396"]
[BlackElo "2358"]
[PlyCount "68"]
[EventDate "2006.03.23"]
[EventType "team"]
[EventRounds "7"]
[EventCountry "EST"]
[SourceDate "2006.04.22"]
[WhiteTeam "Paul Kerese MK"]
[BlackTeam "Narva Maletäht"]
[WhiteTeamCountry "EST"]
[BlackTeamCountry "EST"]

1. e4 c5 2. c3 Nf6 3. e5 Nd5 4. Nf3 g6 5. d4 cxd4 6. Qb3 Nc7 7. Bc4 Ne6 8. cxd4
Bg7 9. Nc3 O-O 10. Bxe6 dxe6 11. h4 Nc6 12. Be3 Qb6 13. Qc2 Nb4 14. Qd2 Qa6 15.
Rd1 h5 16. Rg1 Qc6 17. a3 Nd5 18. Rc1 b6 19. Ne4 Qb5 20. Qe2 Qa5+ 21. Bd2 Qa4
22. Nc3 Nxc3 23. Bxc3 Ba6 24. Qe3 Qb5 25. Kd2 Rfc8 26. g4 hxg4 27. Rxg4 Rc6 28.
Ne1 Rd8 29. f4 Qc4 30. Nc2 Rc5 31. Rcg1 Bb5 32. h5 Be8 33. h6 Bf8 34. h7+ Kh8
0-1

[Event "Eesti klubide mv"]
[Site "Tallinn"]
[Date "2006.03.26"]
[Round "6"]
[White "Sõskov, Vjacheslav"]
[Black "Ilves, Jüri"]
[Result "0-1"]
[WhiteElo "2239"]
[BlackElo "2096"]
[PlyCount "70"]
[EventDate "2006.03.23"]
[EventType "team"]
[EventRounds "7"]
[EventCountry "EST"]
[SourceDate "2006.04.22"]
[WhiteTeam "Narva Maletäht"]
[BlackTeam "Paul Kerese MK"]
[WhiteTeamCountry "EST"]
[BlackTeamCountry "EST"]

1. e4 c5 2. Nf3 d6 3. d4 cxd4 4. Nxd4 Nf6 5. f3 a6 6. Nc3 e5 7. Nb3 Be6 8. Be3
b5 9. Qd2 Be7 10. O-O-O Nbd7 11. g4 Nb6 12. Qf2 Nfd7 13. Kb1 Nc4 14. Bxc4 bxc4
15. Nc1 Rb8 16. N1e2 Rb7 17. h4 Qb8 18. Bc1 Nc5 19. g5 Bd8 20. h5 f5 21. exf5
Bxf5 22. Ng3 Be6 23. Nge4 Nxe4 24. Nxe4 Be7 25. c3 Rf8 26. Qe3 Rb5 27. h6 g6
28. Rh2 d5 29. Nf6+ Bxf6 30. gxf6 Rxf6 31. Re2 Bf5+ 32. Ka1 Re6 33. f4 Ra5 34.
b3 Qxb3 35. Rb2 Rxa2+ 0-1

[Event "Eesti klubide mv"]
[Site "Tallinn"]
[Date "2006.03.26"]
[Round "6"]
[White "Teemäe, Leo"]
[Black "Zhavoronkov, Vladimir"]
[Result "0-1"]
[WhiteElo "2089"]
[BlackElo "2366"]
[PlyCount "72"]
[EventDate "2006.03.23"]
[EventType "team"]
[EventRounds "7"]
[EventCountry "EST"]
[SourceDate "2006.04.22"]
[WhiteTeam "Paul Kerese MK"]
[BlackTeam "Narva Maletäht"]
[WhiteTeamCountry "EST"]
[BlackTeamCountry "EST"]

1. e4 c5 2. Nf3 Nc6 3. d4 cxd4 4. Nxd4 Nf6 5. Nc3 d6 6. Bc4 Qb6 7. Nb3 e6 8.
Be3 Qc7 9. f4 a6 10. Be2 b5 11. Bf3 Bb7 12. O-O Be7 13. Qe2 O-O 14. Bf2 Nd7 15.
Qe3 Rfe8 16. Rfd1 Rab8 17. a4 Nb4 18. Rd2 bxa4 19. Rxa4 Bc6 20. Ra1 Nb6 21. Na5
Bd7 22. Qe2 d5 23. Qd1 Bc5 24. Bxc5 Qxc5+ 25. Kh1 Qc7 26. Ne2 dxe4 27. Bxe4 Bb5
28. g3 Nc4 29. Nxc4 Bxc4 30. b3 Bd5 31. Bxd5 Nxd5 32. Nd4 e5 33. fxe5 Qxe5 34.
Re2 Qf6 35. Rc1 Rxe2 36. Nxe2 Qf3+ 0-1

[Event "Eesti klubide mv"]
[Site "Tallinn"]
[Date "2006.03.26"]
[Round "6"]
[White "Korstin, Maris"]
[Black "Saraikin, Sergei"]
[Result "1-0"]
[WhiteElo "2218"]
[BlackElo "2035"]
[PlyCount "91"]
[EventDate "2006.03.23"]
[EventType "team"]
[EventRounds "7"]
[EventCountry "EST"]
[SourceDate "2006.04.22"]
[WhiteTeam "Narva Maletäht"]
[BlackTeam "Paul Kerese MK"]
[WhiteTeamCountry "EST"]
[BlackTeamCountry "EST"]

1. g3 c6 2. Bg2 d5 3. Nf3 Nf6 4. O-O e6 5. d3 Be7 6. Nbd2 Nbd7 7. Rb1 O-O 8. c4
Qc7 9. b4 c5 10. bxc5 Bxc5 11. Bb2 Re8 12. Qa4 Nb6 13. Qb3 Qe7 14. Bxf6 gxf6
15. d4 dxc4 16. Nxc4 Bd6 17. Nfd2 Nxc4 18. Nxc4 Rb8 19. Nxd6 Qxd6 20. Qa4 Bd7
21. Qxa7 b6 22. Rfc1 Rec8 23. e3 b5 24. Bf3 Kg7 25. Rc5 Rb6 26. Rxc8 Bxc8 27.
Rc1 Bd7 28. Rc7 Be8 29. Rc1 Ra6 30. Qb7 Rb6 31. Qe4 f5 32. Qh4 Rb8 33. Qg5+ Kf8
34. Qh6+ Ke7 35. Qh4+ Kf8 36. Rc5 Kg7 37. Qg5+ Kh8 38. Qf6+ Kg8 39. Rxf5 Qd8
40. Rg5+ Kf8 41. Qg7+ Ke7 42. d5 Rb6 43. Rh5 b4 44. Qg5+ Kd7 45. dxe6+ Rxe6 46.
Bg4 1-0

[Event "Eesti klubide mv"]
[Site "Tallinn"]
[Date "2006.03.26"]
[Round "6"]
[White "Ivanov, Stepan"]
[Black "Jezhov, Roman"]
[Result "0-1"]
[WhiteElo "1943"]
[BlackElo "2108"]
[PlyCount "87"]
[EventDate "2006.03.23"]
[EventType "team"]
[EventRounds "7"]
[EventCountry "EST"]
[SourceDate "2006.04.22"]
[WhiteTeam "Paul Kerese MK"]
[BlackTeam "Narva Maletäht"]
[WhiteTeamCountry "EST"]
[BlackTeamCountry "EST"]

1. Nf3 Nf6 2. c4 c5 3. Nc3 Nc6 4. g3 e6 5. Bg2 a6 6. O-O Be7 7. d3 O-O 8. a3
Qc7 9. Bd2 b6 10. Rc1 Bb7 11. Bg5 Rac8 12. e3 h6 13. Bxf6 Bxf6 14. Qe2 Rfd8 15.
Ne4 Be7 16. Rfd1 Qb8 17. Ned2 Bf6 18. Rc2 g6 19. Ne4 Bg7 20. Ned2 d5 21. b3 Rd7
22. Nb1 Rcd8 23. Rcd2 Na5 24. b4 Nb3 25. Rc2 dxc4 26. Rxc4 b5 27. Rc2 Be4 28.
Ne1 Bxg2 29. Kxg2 cxb4 30. axb4 Qd6 31. Ra2 Qc6+ 32. Qf3 Qxf3+ 33. Nxf3 a5 34.
bxa5 Ra7 35. d4 Nxa5 36. Nbd2 Nc6 37. Rxa7 Nxa7 38. Ra1 Nc8 39. Ra8 Bf6 40. Ne4
Be7 41. Rb8 f5 42. Nc5 e5 43. Ne6 Re8 44. Rxb5 0-1

[Event "Eesti klubide mv"]
[Site "Tallinn"]
[Date "2006.03.26"]
[Round "6"]
[White "Sepp, Olav"]
[Black "Külaots, Kaido"]
[Result "1/2-1/2"]
[WhiteElo "2487"]
[BlackElo "2567"]
[PlyCount "21"]
[EventDate "2006.03.23"]
[EventType "team"]
[EventRounds "7"]
[EventCountry "EST"]
[SourceDate "2006.04.22"]
[WhiteTeam "Saaremaa MK"]
[BlackTeam "Viljandi MS"]
[WhiteTeamCountry "EST"]
[BlackTeamCountry "EST"]

1. e4 c5 2. Nf3 d6 3. Bb5+ Bd7 4. Bxd7+ Qxd7 5. c4 Nf6 6. Nc3 g6 7. O-O Bg7 8.
d4 cxd4 9. Nxd4 O-O 10. f3 Rc8 11. Qd3 1/2-1/2

[Event "Eesti klubide mv"]
[Site "Tallinn"]
[Date "2006.03.26"]
[Round "6"]
[White "Kanep, Meelis"]
[Black "Lauk, Ülar"]
[Result "1/2-1/2"]
[WhiteElo "2528"]
[BlackElo "2398"]
[PlyCount "21"]
[EventDate "2006.03.23"]
[EventType "team"]
[EventRounds "7"]
[EventCountry "EST"]
[SourceDate "2006.04.22"]
[WhiteTeam "Viljandi MS"]
[BlackTeam "Saaremaa MK"]
[WhiteTeamCountry "EST"]
[BlackTeamCountry "EST"]

1. d4 Nf6 2. Nf3 d6 3. c4 c6 4. Nc3 Nbd7 5. g3 e5 6. Bg2 Be7 7. O-O O-O 8. h3
Re8 9. e4 Bf8 10. d5 cxd5 11. cxd5 1/2-1/2

[Event "Eesti klubide mv"]
[Site "Tallinn"]
[Date "2006.03.26"]
[Round "6"]
[White "Kuusk, Indrek"]
[Black "Seeman, Tarvo"]
[Result "0-1"]
[WhiteElo "2299"]
[BlackElo "2445"]
[PlyCount "68"]
[EventDate "2006.03.23"]
[EventType "team"]
[EventRounds "7"]
[EventCountry "EST"]
[SourceDate "2006.04.22"]
[WhiteTeam "Saaremaa MK"]
[BlackTeam "Viljandi MS"]
[WhiteTeamCountry "EST"]
[BlackTeamCountry "EST"]

1. d4 Nf6 2. c4 g6 3. Nc3 Bg7 4. e4 d6 5. f3 Nbd7 6. Be3 c5 7. Nge2 O-O 8. Qd2
b6 9. Rc1 a6 10. Ng3 cxd4 11. Bxd4 Bb7 12. Be2 e6 13. O-O Qc7 14. f4 Rad8 15.
b3 Qb8 16. Bf3 Bc6 17. Nh1 b5 18. cxb5 axb5 19. Nf2 Qb7 20. Rfe1 e5 21. Be3
exf4 22. Bxf4 Ne5 23. Bh6 Bxh6 24. Qxh6 b4 25. Na4 Bxa4 26. bxa4 Qa7 27. Qe3
Qxa4 28. Bd1 Qxa2 29. Bb3 Qa5 30. Qd4 Kg7 31. Rc2 Rc8 32. Rxc8 Rxc8 33. Qxd6
Rd8 34. Qe7 Rd7 0-1

[Event "Eesti klubide mv"]
[Site "Tallinn"]
[Date "2006.03.26"]
[Round "6"]
[White "Kärner, Hillar"]
[Black "Kuusk, Andres"]
[Result "1-0"]
[WhiteElo "2297"]
[BlackElo "2253"]
[PlyCount "65"]
[EventDate "2006.03.23"]
[EventType "team"]
[EventRounds "7"]
[EventCountry "EST"]
[SourceDate "2006.04.22"]
[WhiteTeam "Viljandi MS"]
[BlackTeam "Saaremaa MK"]
[WhiteTeamCountry "EST"]
[BlackTeamCountry "EST"]

1. g3 g6 2. Bg2 Bg7 3. c4 c6 4. Nc3 Nf6 5. e4 d6 6. Nge2 O-O 7. O-O e5 8. h3
Be6 9. d3 Qd7 10. Kh2 d5 11. cxd5 cxd5 12. f4 dxe4 13. fxe5 exd3 14. exf6 dxe2
15. Qxe2 Bh8 16. Bh6 Re8 17. Rad1 Qc8 18. Qf3 Nc6 19. Bg5 Qc7 20. a3 Qe5 21. h4
Qa5 22. Qf4 Rad8 23. Rxd8 Rxd8 24. Re1 Qf5 25. Qc7 Rd7 26. Qc8+ Rd8 27. Qxb7
Ne5 28. Qe7 Rc8 29. Kh1 Nd3 30. Rf1 Qe5 31. Ne4 Nxb2 32. Nd6 Rb8 33. Nxf7 1-0

[Event "Eesti klubide mv"]
[Site "Tallinn"]
[Date "2006.03.26"]
[Round "6"]
[White "Siemer, Tambet"]
[Black "Kanep, Siim"]
[Result "0-1"]
[WhiteElo "2171"]
[BlackElo "2228"]
[PlyCount "62"]
[EventDate "2006.03.23"]
[EventType "team"]
[EventRounds "7"]
[EventCountry "EST"]
[SourceDate "2006.04.22"]
[WhiteTeam "Saaremaa MK"]
[BlackTeam "Viljandi MS"]
[WhiteTeamCountry "EST"]
[BlackTeamCountry "EST"]

1. d4 Nf6 2. c4 e6 3. Nc3 Bb4 4. e3 O-O 5. Bd3 c5 6. Nge2 d5 7. a3 Bxc3+ 8.
bxc3 Nbd7 9. cxd5 exd5 10. O-O Re8 11. Ng3 Nf8 12. a4 Qa5 13. Bd2 Qc7 14. Rc1
c4 15. Bc2 Ne4 16. Nxe4 dxe4 17. f3 Bf5 18. Rb1 b6 19. Rb4 Rac8 20. Qb1 Qc6 21.
a5 bxa5 22. Rb7 Rc7 23. Rb5 Bg6 24. Rxa5 exf3 25. gxf3 Rb7 26. Ba4 Qxa4 27.
Qxb7 Qxa5 28. e4 Qb6 29. Qd5 Qe6 30. Qa5 Qh3 31. Qxa7 Bh5 0-1

[Event "Eesti klubide mv"]
[Site "Tallinn"]
[Date "2006.03.26"]
[Round "6"]
[White "Vahtra, Tuuli"]
[Black "Laesson, Tuulikki"]
[Result "0-1"]
[WhiteElo "2059"]
[BlackElo "2235"]
[PlyCount "70"]
[EventDate "2006.03.23"]
[EventType "team"]
[EventRounds "7"]
[EventCountry "EST"]
[SourceDate "2006.04.22"]
[WhiteTeam "Viljandi MS"]
[BlackTeam "Saaremaa MK"]
[WhiteTeamCountry "EST"]
[BlackTeamCountry "EST"]

1. Nf3 f5 2. c4 Nf6 3. g3 g6 4. Bg2 Bg7 5. O-O d6 6. d4 O-O 7. Nc3 Qe8 8. d5 a5
9. Nd4 Bd7 10. b3 Na6 11. Bb2 Nc5 12. a3 c6 13. b4 e5 14. Nxc6 bxc6 15. bxc5
Rb8 16. dxc6 Bxc6 17. Bxc6 Qxc6 18. Na4 Rfd8 19. Qc2 Ne4 20. cxd6 Nxd6 21. c5
Ne4 22. Rfd1 Rdc8 23. Rac1 Ng5 24. Qc4+ Kh8 25. f3 Rxb2 26. Nxb2 e4 27. Rd6 Qe8
28. Qb3 exf3 29. exf3 Qe2 30. Qc2 Qxf3 31. h4 Qxg3+ 32. Kf1 Qf4+ 33. Ke1 Re8+
34. Kd1 Qf3+ 35. Kd2 Ne4+ 0-1

[Event "Eesti klubide mv"]
[Site "Tallinn"]
[Date "2006.03.26"]
[Round "7"]
[White "Külaots, Kaido"]
[Black "Veingold, Aleksander"]
[Result "1/2-1/2"]
[WhiteElo "2567"]
[BlackElo "2505"]
[PlyCount "123"]
[EventDate "2006.03.23"]
[EventType "team"]
[EventRounds "7"]
[EventCountry "EST"]
[SourceDate "2006.04.22"]
[WhiteTeam "Viljandi MS"]
[BlackTeam "Vabaettur 1"]
[WhiteTeamCountry "EST"]
[BlackTeamCountry "EST"]

1. e4 c5 2. Nf3 d6 3. d4 cxd4 4. Nxd4 Nf6 5. Nc3 Nc6 6. f3 e5 7. Nb3 Be7 8. Be3
Be6 9. Qe2 O-O 10. O-O-O Qc8 11. g4 a5 12. Na4 Nd7 13. Kb1 Qc7 14. Nc3 a4 15.
Nb5 Qb8 16. Nc1 Nc5 17. h4 Na5 18. Bg5 f6 19. Bd2 Nc4 20. Bb4 Na6 21. Be1 Nc7
22. Nc3 Bf7 23. Nd3 Qa7 24. Nb4 Ne3 25. Bf2 Qa5 26. Bxe3 Qxb4 27. a3 Qa5 28.
Qf2 Rac8 29. Bb6 Qa8 30. Bxc7 Rxc7 31. Nd5 Bxd5 32. Rxd5 Rfc8 33. c3 Rc5 34.
Rxc5 Rxc5 35. Bd3 Qc8 36. Qe2 Qc6 37. h5 h6 38. Rd1 Kf8 39. Bc2 Bd8 40. Qd3 Bc7
41. Kc1 Ke7 42. Bb1 Ba5 43. Bc2 Bxc3 44. bxc3 Rxc3 45. Qe2 Qc5 46. Rd3 Rxa3 47.
Rxa3 Qxa3+ 48. Kb1 Qb4+ 49. Ka2 b5 50. Qd3 Qa5 51. Kb2 Qb4+ 52. Ka2 Qc5 53. Kb2
Qb4+ 54. Ka1 Qc5 55. Ka2 Kd7 56. Bd1 Kc6 57. Be2 Kb6 58. Kb2 Qb4+ 59. Ka2 Qc5
60. Kb2 Qb4+ 61. Ka2 Qc5 62. Kb2 1/2-1/2

[Event "Eesti klubide mv"]
[Site "Tallinn"]
[Date "2006.03.26"]
[Round "7"]
[White "Kovaljov, Deniss"]
[Black "Kanep, Meelis"]
[Result "0-1"]
[WhiteElo "2337"]
[BlackElo "2528"]
[PlyCount "74"]
[EventDate "2006.03.23"]
[EventType "team"]
[EventRounds "7"]
[EventCountry "EST"]
[SourceDate "2006.04.22"]
[WhiteTeam "Vabaettur 1"]
[BlackTeam "Viljandi MS"]
[WhiteTeamCountry "EST"]
[BlackTeamCountry "EST"]

1. d4 Nf6 2. Nf3 c5 3. e3 g6 4. c3 Bg7 5. Be2 O-O 6. O-O b6 7. Nbd2 Bb7 8. b4
d6 9. Qb3 Nbd7 10. bxc5 dxc5 11. a4 Qc7 12. a5 Ne4 13. a6 Nxd2 14. Nxd2 Bc8 15.
Ba3 Rb8 16. Ne4 Qc6 17. Bf3 Bxa6 18. Nxc5 bxc5 19. Qxb8 Nxb8 20. Bxc6 Bxf1 21.
Ba4 Bc4 22. Bxc5 Bf6 23. Bxa7 Na6 24. Bc6 Nc7 25. e4 Nb5 26. Bxb5 Bxb5 27. e5
Bg5 28. Bc5 Rc8 29. g3 e6 30. f4 Bh6 31. Rb1 Bd3 32. Rb7 Bf8 33. Bd6 Kg7 34.
Rc7 Rxc7 35. Bxc7 Ba3 36. Kf2 Kf8 37. Ke3 Bc4 0-1

[Event "Eesti klubide mv"]
[Site "Tallinn"]
[Date "2006.03.26"]
[Round "7"]
[White "Seeman, Tarvo"]
[Black "Danilov, Nikolai"]
[Result "0-1"]
[WhiteElo "2445"]
[BlackElo "2315"]
[PlyCount "50"]
[EventDate "2006.03.23"]
[EventType "team"]
[EventRounds "7"]
[EventCountry "EST"]
[SourceDate "2006.04.22"]
[WhiteTeam "Viljandi MS"]
[BlackTeam "Vabaettur 1"]
[WhiteTeamCountry "EST"]
[BlackTeamCountry "EST"]

1. e4 c6 2. c4 d5 3. cxd5 cxd5 4. exd5 Nf6 5. Nc3 Nxd5 6. Nf3 Nc6 7. Bb5 Qd6 8.
O-O Bg4 9. h3 Bh5 10. d4 e6 11. Ne4 Qc7 12. Ng3 Bg6 13. Ne5 Bd6 14. Nxg6 hxg6
15. Ne4 Be7 16. Nc3 Rd8 17. Be3 Nxe3 18. fxe3 Rxh3 19. Qg4 Qh2+ 20. Kf2 Bh4+
21. Ke2 Rg3 22. Bxc6+ bxc6 23. Qe4 Qxg2+ 24. Kd3 c5 25. Qxg2 Rxd4+ 0-1

[Event "Eesti klubide mv"]
[Site "Tallinn"]
[Date "2006.03.26"]
[Round "7"]
[White "Krupenski, Juri"]
[Black "Kärner, Hillar"]
[Result "1-0"]
[WhiteElo "2290"]
[BlackElo "2297"]
[PlyCount "47"]
[EventDate "2006.03.23"]
[EventType "team"]
[EventRounds "7"]
[EventCountry "EST"]
[SourceDate "2006.04.22"]
[WhiteTeam "Vabaettur 1"]
[BlackTeam "Viljandi MS"]
[WhiteTeamCountry "EST"]
[BlackTeamCountry "EST"]

1. d4 Nf6 2. c4 e6 3. Nc3 Bb4 4. Qc2 b6 5. e4 Bb7 6. Bd3 c5 7. d5 exd5 8. exd5
b5 9. b3 bxc4 10. bxc4 d6 11. Nge2 Nbd7 12. f4 O-O 13. O-O Re8 14. Ng3 Nb6 15.
Nce4 Nxe4 16. Nxe4 Ba6 17. Ng3 h6 18. Bb2 Nd7 19. Nh5 f6 20. Bh7+ Kh8 21. Nxg7
Kxg7 22. Qg6+ Kh8 23. Qxh6 Qe7 24. Bf5+ 1-0

[Event "Eesti klubide mv"]
[Site "Tallinn"]
[Date "2006.03.26"]
[Round "7"]
[White "Kuldsepp, Tanel"]
[Black "Krupenski, Igor"]
[Result "1-0"]
[WhiteElo "2210"]
[BlackElo "2326"]
[PlyCount "83"]
[EventDate "2006.03.23"]
[EventType "team"]
[EventRounds "7"]
[EventCountry "EST"]
[SourceDate "2006.04.22"]
[WhiteTeam "Viljandi MS"]
[BlackTeam "Vabaettur 1"]
[WhiteTeamCountry "EST"]
[BlackTeamCountry "EST"]

1. e4 e6 2. d4 d5 3. exd5 exd5 4. Bf4 Bd6 5. Bxd6 Qxd6 6. Nc3 c6 7. Bd3 Qb4 8.
Nge2 Qxb2 9. O-O Nf6 10. Qd2 O-O 11. Nb5 Ne4 12. Qe3 cxb5 13. a3 Nc5 14. Rfb1
Nxd3 15. Qxd3 Qxa1 16. Rxa1 a6 17. Nf4 Rd8 18. Re1 Nc6 19. c3 Be6 20. Nxe6 Re8
21. Qf5 Rad8 22. Re3 fxe6 23. Rxe6 Rf8 24. Qg5 a5 25. h4 Rd7 26. h5 b4 27. axb4
axb4 28. cxb4 Nxd4 29. Re7 Rxe7 30. Qxe7 b6 31. Qe5 Nf5 32. Qxd5+ Kh8 33. Qc6
Kg8 34. Qe6+ Rf7 35. Qxb6 Rf6 36. Qd8+ Kf7 37. b5 Rd6 38. Qc7+ Ke6 39. b6 Rd7
40. Qc4+ Kd6 41. Qf4+ Ke6 42. b7 1-0

[Event "Eesti klubide mv"]
[Site "Tallinn"]
[Date "2006.03.26"]
[Round "7"]
[White "Daulyte, Deimante"]
[Black "Vahtra, Tuuli"]
[Result "1/2-1/2"]
[WhiteElo "2244"]
[BlackElo "2059"]
[PlyCount "119"]
[EventDate "2006.03.23"]
[EventType "team"]
[EventRounds "7"]
[EventCountry "EST"]
[SourceDate "2006.04.22"]
[WhiteTeam "Vabaettur 1"]
[BlackTeam "Viljandi MS"]
[WhiteTeamCountry "EST"]
[BlackTeamCountry "EST"]

1. e4 c5 2. Nf3 g6 3. d4 Bg7 4. Nc3 cxd4 5. Nxd4 Nc6 6. Be3 d6 7. Bc4 Nf6 8.
Qd2 Ng4 9. Nxc6 bxc6 10. Bf4 Qa5 11. Bb3 Ba6 12. f3 Ne5 13. Bh6 Bf6 14. h4 Nc4
15. Bxc4 Bxc4 16. Bg5 Bg7 17. Rd1 Bxc3 18. bxc3 Qe5 19. Kf2 Bxa2 20. Bf4 Qe6
21. Qd4 f6 22. h5 g5 23. Bxg5 Rg8 24. Bf4 Kf7 25. Ra1 Qc4 26. Qxc4+ Bxc4 27.
Rhb1 a6 28. Rb7 Rgb8 29. Rab1 Rxb7 30. Rxb7 Ke8 31. g4 a5 32. Bc1 a4 33. Ba3
Be6 34. Kg3 c5 35. f4 Kf7 36. g5 fxg5 37. fxg5 Rg8 38. Kf4 Bc4 39. Ra7 Bb5 40.
Kf5 Be2 41. e5 Bxh5 42. exd6 Bg6+ 43. Ke5 Bxc2 44. Rxe7+ Kg6 45. d7 Rd8 46.
Bxc5 Bf5 47. Kd6 Kxg5 48. Bb6 Rxd7+ 49. Rxd7 Bxd7 50. Kxd7 h5 51. c4 h4 52. Bg1
a3 53. c5 a2 54. Bd4 h3 55. c6 h2 56. c7 h1=Q 57. c8=Q Qd5+ 58. Kc7 Qc4+ 59.
Kb7 Qb4+ 60. Kc7 1/2-1/2

[Event "Eesti klubide mv"]
[Site "Tallinn"]
[Date "2006.03.26"]
[Round "7"]
[White "Malinin, Juri"]
[Black "Lauk, Ülar"]
[Result "1-0"]
[WhiteElo "2358"]
[BlackElo "2398"]
[PlyCount "31"]
[EventDate "2006.03.23"]
[EventType "team"]
[EventRounds "7"]
[EventCountry "EST"]
[SourceDate "2006.04.22"]
[WhiteTeam "Narva Maletäht"]
[BlackTeam "Saaremaa MK"]
[WhiteTeamCountry "EST"]
[BlackTeamCountry "EST"]

1. d4 Nf6 2. c4 c5 3. d5 b5 4. Nd2 bxc4 5. e4 Qa5 6. Bxc4 Nxe4 7. b4 Qxb4 8.
Rb1 Qc3 9. Ne2 Nxf2 10. Kxf2 Qf6+ 11. Nf3 e5 12. Ng3 d6 13. Bg5 Qg6 14. Qa4+
Bd7 15. Qxa7 Qc2+ 16. Ne2 1-0

[Event "Eesti klubide mv"]
[Site "Tallinn"]
[Date "2006.03.26"]
[Round "7"]
[White "Kuusk, Indrek"]
[Black "Sõskov, Vjacheslav"]
[Result "0-1"]
[WhiteElo "2299"]
[BlackElo "2239"]
[PlyCount "56"]
[EventDate "2006.03.23"]
[EventType "team"]
[EventRounds "7"]
[EventCountry "EST"]
[SourceDate "2006.04.22"]
[WhiteTeam "Saaremaa MK"]
[BlackTeam "Narva Maletäht"]
[WhiteTeamCountry "EST"]
[BlackTeamCountry "EST"]

1. d4 Nf6 2. c4 e6 3. Nf3 b6 4. a3 Ba6 5. Qc2 c5 6. d5 exd5 7. cxd5 g6 8. Bf4
d6 9. Nc3 Bg7 10. Qa4+ b5 11. Nxb5 O-O 12. Nc3 Qb6 13. Rb1 Nbd7 14. Qc6 Qa5 15.
Bxd6 Ne4 16. Nd2 Bxc3 17. bxc3 Qxc3 18. Rd1 Nxd2 19. Rxd2 Rab8 20. Bxb8 Rxb8
21. f3 Rb1+ 22. Kf2 Qxd2 23. Qxd7 Qd4+ 24. Kg3 Qe5+ 25. Kf2 Rb2 26. g4 Bxe2 27.
Bxe2 Rxe2+ 28. Kf1 Ra2 0-1

[Event "Eesti klubide mv"]
[Site "Tallinn"]
[Date "2006.03.26"]
[Round "7"]
[White "Zhavoronkov, Vladimir"]
[Black "Kuusk, Andres"]
[Result "1/2-1/2"]
[WhiteElo "2366"]
[BlackElo "2253"]
[PlyCount "157"]
[EventDate "2006.03.23"]
[EventType "team"]
[EventRounds "7"]
[EventCountry "EST"]
[SourceDate "2006.04.22"]
[WhiteTeam "Narva Maletäht"]
[BlackTeam "Saaremaa MK"]
[WhiteTeamCountry "EST"]
[BlackTeamCountry "EST"]

1. e4 c5 2. c4 Nc6 3. Nc3 g6 4. g3 Bg7 5. Bg2 d6 6. d3 e5 7. a3 Nge7 8. Be3 Bd7
9. Rb1 a5 10. Nge2 O-O 11. O-O f5 12. f4 Nd4 13. fxe5 Nxe2+ 14. Nxe2 Bxe5 15.
d4 cxd4 16. Bxd4 Bc6 17. Qd3 Qc7 18. Nc3 fxe4 19. Nxe4 Nf5 20. Bf2 a4 21. Ng5
Bxg2 22. Kxg2 Qc6+ 23. Qd5+ Qxd5+ 24. cxd5 Ra5 25. Ne6 Rf7 26. Rfc1 h6 27. Rc8+
Kh7 28. Rc7 Rxc7 29. Nxc7 Bd4 30. b4 axb3 31. Rxb3 Bxf2 32. Kxf2 Kg7 33. g4 Nd4
34. Rb4 Nc2 35. Rxb7 Kf6 36. Rb2 Nxa3 37. Re2 Nc4 38. h4 Ne5 39. Re4 Rc5 40.
Rf4+ Ke7 41. Na6 Rxd5 42. Nb4 Rb5 43. Ke3 Ke6 44. Nc2 Rb3+ 45. Ke2 Rh3 46. g5
Rh2+ 47. Kd1 h5 48. Ne3 Kd7 49. Nd5 Kc6 50. Ne7+ Kc5 51. Rf6 Rxh4 52. Nxg6 Nxg6
53. Rxg6 Rg4 54. Rg8 Kd4 55. g6 Kd3 56. Ke1 d5 57. Rh8 d4 58. Rxh5 Rg1+ 59. Kf2
Rxg6 60. Ke1 Rg1+ 61. Kf2 Ra1 62. Rd5 Rh1 63. Rd8 Kc3 64. Rc8+ Kd2 65. Rd8 d3
66. Ra8 Rc1 67. Ra7 Rc8 68. Ra2+ Rc2 69. Ra8 Rb2 70. Ra7 Kc1+ 71. Ke3 d2 72.
Ra1+ Kc2 73. Ke2 Kc3 74. Ra8 Kc2 75. Rc8+ Kb1 76. Kd1 Ka2 77. Rc2 Rxc2 78. Kxc2
Ka1 79. Kxd2 1/2-1/2

[Event "Eesti klubide mv"]
[Site "Tallinn"]
[Date "2006.03.26"]
[Round "7"]
[White "Siemer, Tambet"]
[Black "Tolmatshov, Eduard"]
[Result "1-0"]
[WhiteElo "2171"]
[BlackElo "2234"]
[PlyCount "87"]
[EventDate "2006.03.23"]
[EventType "team"]
[EventRounds "7"]
[EventCountry "EST"]
[SourceDate "2006.04.22"]
[WhiteTeam "Saaremaa MK"]
[BlackTeam "Narva Maletäht"]
[WhiteTeamCountry "EST"]
[BlackTeamCountry "EST"]

1. d4 d5 2. c4 e6 3. Nc3 c5 4. e3 Nf6 5. Nf3 Nc6 6. cxd5 exd5 7. Be2 Be7 8. O-O
O-O 9. dxc5 Bxc5 10. b3 Be6 11. Bb2 Qe7 12. Nb5 Ne4 13. Rc1 Rac8 14. Nfd4 Bb6
15. Nxc6 Rxc6 16. Rxc6 bxc6 17. Nd4 c5 18. Nxe6 fxe6 19. Bd3 Nf6 20. Qc2 e5 21.
Bf5 g6 22. Bh3 Ne4 23. g3 Nf6 24. Ba3 Qd6 25. Rd1 Kg7 26. e4 d4 27. Qd3 Qc6 28.
f3 Rf7 29. Rc1 Qd6 30. Bf1 h5 31. Rc2 h4 32. Bc1 Nh5 33. Kg2 hxg3 34. hxg3 Qf6
35. Rf2 Rf8 36. Qb5 Qe7 37. Qc6 Rh8 38. f4 exf4 39. Bxf4 Rf8 40. Bc4 Nxf4+ 41.
Rxf4 Rxf4 42. gxf4 Bc7 43. e5 g5 44. f5 1-0

[Event "Eesti klubide mv"]
[Site "Tallinn"]
[Date "2006.03.26"]
[Round "7"]
[White "Korstin, Maris"]
[Black "Kasak, Anto"]
[Result "0-1"]
[WhiteElo "2218"]
[BlackElo "2069"]
[PlyCount "94"]
[EventDate "2006.03.23"]
[EventType "team"]
[EventRounds "7"]
[EventCountry "EST"]
[SourceDate "2006.04.22"]
[WhiteTeam "Narva Maletäht"]
[BlackTeam "Saaremaa MK"]
[WhiteTeamCountry "EST"]
[BlackTeamCountry "EST"]

1. g3 Nf6 2. Bg2 d6 3. Nf3 c6 4. O-O Qc7 5. c4 e5 6. Nc3 Be7 7. d4 O-O 8. e4
Nbd7 9. Re1 Rd8 10. h3 Nb6 11. Qe2 Be6 12. b3 d5 13. exd5 cxd5 14. Nb5 Qc8 15.
c5 e4 16. cxb6 exf3 17. Qxf3 Bb4 18. Nxa7 Qd7 19. Bg5 Bxe1 20. Rxe1 Bxh3 21.
Bxf6 Bxg2 22. Kxg2 gxf6 23. Qxf6 Re8 24. Qg5+ Kf8 25. Qh6+ Kg8 26. Rh1 Qf5 27.
Rh5 Qe4+ 28. Kh2 Re6 29. Qg5+ Rg6 30. Qxd5 Qe2 31. Rf5 Rh6+ 32. Kg2 Qd1 33.
Rg5+ Kh8 34. f3 Re8 35. Rh5 Re2+ 36. Kh3 Qh1+ 37. Kg4 Rg6+ 38. Kf4 Qc1+ 39. Kf5
Qc2+ 40. Kf4 Qd2+ 41. Kf5 Ree6 42. Qd8+ Kg7 43. Rg5 Qd3+ 44. Kg4 Rxg5+ 45. Kxg5
Rg6+ 46. Kf4 Rf6+ 47. Ke5 Qf5# 0-1